000 01161nam a2200301 i 4500
003 EG-GICUC
005 20260208203138.0
008 260208s2005 ua ||||fr|||| 00| 0 ara d
017 _a2005/18989
040 _a EG-GICUC
_bara
_c EG-GICUC
_d EG-GICUC
_erda
041 _aara
082 0 4 _221
_a343.092
_bم ح . ر
092 0 4 _221
099 _aLaw1 10 343.092 م ح . ر2005
100 0 _aمحمود عبدالجواد نصار
_eمؤلف.
245 1 0 _aرجل فوق العادة :
_bأحمد فتحى سرور /
_cتأليف محمود عبدالجواد نصار، تقديم أحمد مجدى حجازى.
264 3 _aمصر :
_bحقوق الطبع محفوظة،
_c2005.
300 _a224 صفحة :
_bإيضاحيات، صور، مثيليات ؛
_c24 سم
336 _2rda content
_atext
337 _2rda media
_aComputer
338 _2rda carrier
_aOnline Resource
546 _aالنص باللغة العربية
650 1 _aالقانون الجنائي
_xتراجم
700 1 _aأحمد مجدى حجازى
_eمقدم.
856 4 0 _uhttps://fll.law.cu.edu.eg/fulltext/bks/B10-04735.pdf
905 _a43
942 _2ddc
_n0
_cBK
_e21
999 _c61707
_d61707